000 00285nam a2200133 4500
008 211019b ||||| |||| 00| 0 eng d
041 _aeng
080 _22nd
_a721
082 _a721
100 _a41
101 _aNDE
245 _aA Basic Asphalt Emulsion Manual
942 _2ddc
_cBK
999 _c58262
_d58262